000 00778nam a2200241Ia 4500
001 9033
003 GE_BSU
008 181216s||||||||xx |||||||||||||| ||und||
040 _cGE_BSU
080 _a821.353.1–1
100 _aკორნაპელი,გიორგი
245 _aფენიქსი.
245 _bლექსები და პოემები
245 _cრედ. ზაალ.ებანოიძე. მხატვ. მარსიანი
260 _aქუთაისი
260 _bმოწამეთა
260 _c1995
300 _a344გვ.1ფ.პორტრ.20სმ.
541 _h5ლ.
653 _aლექსები და პოემები
653 _aფენიქსი.
942 _cBK
999 _c42337
_d42337